The transfer of property act

Bibliographic Details
Main Author: Lahiri, Satyendra Mohan
Format: Book
Published: Calcutta India : Eastern Law House Privite Ltd , 1970
Edition:9th. edition
Subjects:

MARC

LEADER 00000cam a2200000 7i4500
001 0000007622
005 20160926.0
040 |a INS 
090 0 0 |a KF2910.7   |b L35 1970 
100 0 |a Lahiri, Satyendra Mohan 
245 1 4 |a The transfer of property act   |c Act IV of 1882   |c Satyendra Mohan Lahiri 
250 |a 9th. edition 
260 |a Calcutta India :   |b Eastern Law House Privite Ltd ,   |c 1970 
300 |a 787p. ;   |c 24.5 cm. 
650 0 0 |a Transfer of property act 
999 |a 0000022380   |b BOOK   |c Open Shelf   |e Default branch